Southville International School and Colleges
Your cart is empty.
  • Cart
  • Lists
    Public lists Eva Luna New books Lux_list list_1
    Your lists Log in to create your own lists
  • Log in to your account
  • Your cookies
  • Search history
Southville International School and Colleges
  • Advanced search
  • Recent comments
  • Most popular
  • Libraries

Log in to your account

Log in with GOOGLE


If you do not have an external account, but do have a local account, you can still log in:

  1. Home
  2. MARC view: Managing quality service in hospitality :
Normal view MARC view ISBD view

Managing quality service in hospitality : (Record no. 25847)

[ view plain ]
MARC details
000 -LEADER
fixed length control field 00817nam a2200217Ia 4500
008 - FIXED-LENGTH DATA ELEMENTS--GENERAL INFORMATION
fixed length control field 140312s9999 xx 000 0 und d
020 ## - INTERNATIONAL STANDARD BOOK NUMBER
International Standard Book Number 9781111307738
050 ## - LIBRARY OF CONGRESS CALL NUMBER
Classification number TX 911.3.M27
Item number .F755 2012
100 ## - MAIN ENTRY--PERSONAL NAME
Personal name Ford, Robert C.
245 ## - TITLE STATEMENT
Title Managing quality service in hospitality :
Remainder of title how organizations achieve excellence in the guest experience /
Statement of responsibility, etc �Robert C. Ford, Michael C. Sturman & Cherrill P. Heaton.
250 ## - EDITION STATEMENT
Edition statement 1st ed.
260 ## - PUBLICATION, DISTRIBUTION, ETC. (IMPRINT)
Place of publication, distribution, etc Ney York :
Name of publisher, distributor, etc Delmar Cengage Learning,
Date of publication, distribution, etc c2012.
300 ## - PHYSICAL DESCRIPTION
Extent 516 p. :
Other physical details col. ill. ;
Dimensions 26 cm.
500 ## - GENERAL NOTE
General note Includes bibliographical references and index.
521 ## - TARGET AUDIENCE NOTE
Target audience note
650 ## - SUBJECT ADDED ENTRY--TOPICAL TERM
Topical term or geographic name as entry element Hospitality industry
General subdivision Customer services.
650 ## - SUBJECT ADDED ENTRY--TOPICAL TERM
Topical term or geographic name as entry element Hospitality industry
General subdivision Management.
650 ## - SUBJECT ADDED ENTRY--TOPICAL TERM
Topical term or geographic name as entry element Hospitality industry
General subdivision Quality control.
942 ## - ADDED ENTRY ELEMENTS (KOHA)
Call number prefix Foreign
Koha item type Books
Holdings
Withdrawn status Lost status Source of classification or shelving scheme Damaged status Home library Current library Shelving location Date acquired Source of acquisition Total Checkouts Full call number Barcode Date last seen Copy number Price effective from Koha item type Total Renewals Date checked out
    Library of Congress Classification   College Library College Library Reserve Section 12/17/2013 Donation   TX 911.3.M27 .F755 2012 C17316 05/15/2018 2 12/17/2013 Books    
        College Library College Library Reserve Section 03/21/2014     TX 911.3.M27 .F755 2012 C17881 10/05/2014   03/21/2014 Books    
        College Library College Library Reserve Section 03/21/2014   1 TX 911.3.M27 .F755 2012 C17882 04/29/2019   03/21/2014 Books 11 01/07/2019

Managing quality service in hospitality :

APA

Ford R. C., . (2012). Managing quality service in hospitality. Ney York: Delmar Cengage Learning.

Chicago

Ford Robert C, . 2012. Managing quality service in hospitality. Ney York: Delmar Cengage Learning.

Harvard

Ford R. C., . (2012). Managing quality service in hospitality. Ney York: Delmar Cengage Learning.

MLA

Ford Robert C, . Managing quality service in hospitality. Ney York: Delmar Cengage Learning. 2012.

  • Place hold
  • Print
  • Cite
  • Add to your cart (remove)
  • Save record
    BIBTEX Dublin Core MARCXML MARC (non-Unicode/MARC-8) MARC (Unicode/UTF-8) MARC (Unicode/UTF-8, Standard) MODS (XML) RIS
  • More searches
    Search for this title in:
    Other Libraries (WorldCat) Other Databases (Google Scholar) Online Stores (Bookfinder.com) Open Library (openlibrary.org)

Exporting to Dublin Core...

SOUTHVILLE LIBRARY

Southville International School and Colleges Library

1281 Tropical Ave. Cor. Luxembourg St., BF Homes International, Las Pinas City

Tel. No. 8256374 / 252358 Loc. 117/146

Powered by Koha